Idols in K-dramas PART TWO Quiz Stats

Quiz not verified by Sporcle

Challenge
Share
Tweet
Embed
Score 0/65 Timer 18:00
0 Plays Today
Hint Answer % Correct
Because It's The First Time: he's confused about his own feelings over his best friend that's a girlMinho
83.3%
I Remember You: he kidnapped the younger brother, Lee MinD.O
80.4%
The K2: she's the illegitimate daughter of a presedintial candidateYoona
78.2%
Moon Lovers: Scarlet Heart Ryeo: the 10th Prince that falls in love with Hae SooBaekhyun
77.2%
Entertainer: he is wrongly accused and spend time in the juvenile centerMinhyuk
73.9%
Sweet, Savage Family: he falls in love with a girl his mother never allowed to dateMinhyuk
73.6%
Moon Lovers: Scarlet Heart Ryeo: after being cheated by her boyfriend, she wakes up in someone's else body in the pastIU
73.2%
38 Task Force: she's the ex-girlfriend of the main leadSooyoung
72.6%
Moon Lovers: Scarlet Heart Ryeo: she is actually a princess, but without knowing, the 13rd Prince falls in love with herSeohyun
72.2%
Sassy Go Go (Cheer Up): she's a troublemaker and one of the low ranked studentsEunji
71.1%
Descendants of the Sun: he is engaged and really caring to his wifeOnew
70.6%
Please Come Back, Mister: his body is used by the 'gods' to send back someone that believes he died unfair and has unfinished job on EarthRain
68.1%
Orange Marmalade: she a vampire that falls for a humanSeolhyun
67%
We Broke Up: she broke up with her boyfriend, but they still live in the same houseDara
66.1%
The Village: Achiara's Secret: he's a policeman that tries to help the female leadSungjae
65.7%
She Was Pretty: he's a famous writer that wants to keep his identity unveiledSiwon
64%
Reply 1988: she's the only girl between her group of friendsHyeri
59.6%
Go Ho's Starry Night: her boyfriend dumped her without a reason and disappearedYuri
59%
Twenty Again (Second Time Twenty Years Old): she's dating one of the top students who's the female lead's sonSon Naeun
58.8%
Perseverance Goo Hae Ra: he had a twin brother that died in a car accidentJinyoung
58%
Sassy Go Go (Cheer Up): he has a health problem that doesn't allow him to get touched by others (no skinship)N
58%
Oh My Venus: he's from abroad and he's not good with koreanHenry
56.9%
Cheese In The Trap: his bestfriend's father wanted to adopt him and his sisterSeo Kang Jun
56.5%
The Three Musketeers: he loves the crown prince's wifeYonghwa
55.8%
Boys Over Flowers: young version of Joon PyoChanwoo
54.9%
Angry Mom: he's the son of the school's director and kind of an ****Baro
53.8%
Cinderella and the Four Knights: one of the three cousins (the idol one)Jungshin
52%
You're Beautiful: his name is JeremyLee Hongki
52%
Entourage: she is the only employer that leaves with Eun Gap when he started a new entertainment companyAmber
50.8%
Moorim School: his father is rich but wants him to 'behave'Hongbin
50.6%
Boys Over Flowers: he's the one that Jan Di had feelings for at firstKim Hyun Joong
50.3%
Orange Marmalade: he's a vampire that doesn't like to obey rules after losing his family UNFAIRJonghyun
49.1%
Entourage: Yeong Bin's first love that he can't get over itSo Hee
48.2%
Hint Answer % Correct
The Master's Sun: he played the teenager version of Joong WonL
46.2%
Click Your Heart: she is always transferring schools and people rumors around that she brings BAD LUCK to the ones that get involved with herMina
46.1%
To Be Continued: prior to their debut,they travel back in time for 2 yearsAstro
41.6%
Gap Dong: the psycho serial murderLee Joon
39.7%
Oh My Ghost: he made a cameo as the new chef of the restaurantSeo In Guk
39.7%
I Need A Fairy: in order to win Na Ra's heart, he befriended her brother, Kook MinCNU
39.4%
The Lover: he is the new roommate of Jun JaeTakuya
39.4%
Ho Goo's Love: she is pregnantUEE
39.3%
Sensory Couple (The Girl Who Sees Smells): he's a detective that lost his ability to taste, smell and feel painYoochun
36.9%
Entertainer: he said he was adopted abroadGong Myung
35.8%
We Broke Up: he wants to be a singerSeungyoon
35.4%
SPY: his girlfriend is working under his enemyKim Jae Joong
34.7%
Moon Lovers: Scarlet Heart Ryeo: she is a warrior's daughter and marry the 10th PrinceZ.Hera
31.7%
Marriage, Not Dating: the boy she was in a relationship said he was only having an affair with herSunhwa
31.6%
Mrs.Cop: he's the maknae of the teamKikwang
30%
Sweet, Savage Family: she's the grand-daughter of a feared gang bossMinah
29.7%
King of Baking, Kim Tak Goo: her father used to beat her when she was a kidEugene
29.4%
Pretty Boy (Bel Ami): he's the younger brother of the female lead and he has his hair dyed redHoon
29.3%
Nine: Nine Times Time Travel: the 1992 young version of Sun WooHyung Sik
28.6%
Click Your Heart: just some ordinary high school kids SF9
28.2%
Nail Shop Paris: JinThunder
27.4%
Signal: he's the older brother of the male lead and he gets wrongly accused and his death is covered as a suicideChani
26.9%
Drawing, Spring: she has a horses phobiaJieun
24.9%
D-Day: he gets involved in a relationship with one of his colleague in the hospitalSungyeol
23.3%
Entertainer: he is the drummer L.Joe
21.9%
Cheo Yong 2 (Ghost Seeing Detective 2): female high-schooler ghostHyosung
19.3%
Please Come Back Mister: he used to work in a restaurant but after his boss died, he starts being a bodyguard of the woman his boss lovedLee Tae Hwan
19.2%
Triangle: he was adopted and got separated from his brothersSiwan
16.3%
Love Cells 2: he hurts a lot after breaking up with his girlfriendSeulong
15.2%
To Be Continued: she likes Moonbin, even though he has an one sided love for his childhood friendYeo Reum
13.1%
Mrs.Cop 2: she is a police officer that doesn't get scaredSon Dambi
7.8%
Seonam Girls High Schools Investigators: theater club seniorHeyne
4.1%

You're not logged in!

Compare scores with friends on all Sporcle quizzes.
Sign Up with Email
OR
Log In

You Might Also Like...

Show Comments

Extras

Top Quizzes Today


Score Distribution

Your Account Isn't Verified!

In order to create a playlist on Sporcle, you need to verify the email address you used during registration. Go to your Sporcle Settings to finish the process.